Xã hội học gia đình

محفوظ في:
التفاصيل البيبلوغرافية
المؤلف الرئيسي: THANH LÊ
التنسيق: كتاب
اللغة:Undetermined
منشور في: Tp. HCM ĐHQG 2001
الموضوعات:
الوسوم: إضافة وسم
لا توجد وسوم, كن أول من يضع وسما على هذه التسجيلة!
Thư viện lưu trữ: Trung tâm Học liệu Trường Đại học Cần Thơ
LEADER 00463nam a2200169Ia 4500
001 CTU_46579
008 210402s9999 xx 000 0 und d
082 |a 306.8509597 
082 |b Th107 
100 |a THANH LÊ 
245 0 |a Xã hội học gia đình 
245 0 |c THANH LÊ 
260 |a Tp. HCM 
260 |b ĐHQG 
260 |c 2001 
650 |a family - vietnam,vietnam - social conditions 
980 |a Trung tâm Học liệu Trường Đại học Cần Thơ